Statistics for Vlajky zemí začínající na A nebo Á

Click here to take the quiz!

General Stats

  • This quiz has been taken 22 times
  • The average score is 8 of 10

Answer Stats

Answer% Correct
Albánie
94%
Argentina
94%
Austrálie
94%
Andorra
82%
Arménie
82%
Alžírsko
76%
Ázerbájdžán
76%
Angola
71%
Antigua a Barbuda
59%
Afghánistán
47%

Score Distribution

Percentile by Number Answered

Percent of People with Each Score

Your Score History

You have not taken this quiz